Minutes of evidence taken before the Committee on the London and Dover (South-eastern) Railway Bill (Record no. 114229)
[ view plain ]
| 000 -LEADER | |
|---|---|
| fixed length control field | 00716cam a22001815a 4500 |
| 001 - CONTROL NUMBER | |
| control field | L156386 |
| 008 - FIXED-LENGTH DATA ELEMENTS--GENERAL INFORMATION | |
| fixed length control field | 120516s1836 xxk f 000 0 eng d |
| 035 ## - SYSTEM CONTROL NUMBER | |
| System control number | (Sirsi) u156386 |
| 041 0# - LANGUAGE CODE | |
| Language code of text/sound track or separate title | eng |
| 110 2# - MAIN ENTRY--CORPORATE NAME | |
| Corporate name or jurisdiction name as entry element | Great Britain |
| Subordinate unit | Parliament |
| -- | House of Commons |
| -- | Committee on the London and Dover (South-eastern) Railways Bill |
| 9 (RLIN) | 6074 |
| 245 00 - TITLE STATEMENT | |
| Title | Minutes of evidence taken before the Committee on the London and Dover (South-eastern) Railway Bill |
| Remainder of title | (engineering) |
| 260 ## - PUBLICATION, DISTRIBUTION, ETC. | |
| Place of publication, distribution, etc. | London |
| Name of publisher, distributor, etc. | J. & L.G. Hansard & Sons |
| Date of publication, distribution, etc. | 1836 |
| 300 ## - PHYSICAL DESCRIPTION | |
| Extent | 1 v. (various pagings) |
| Dimensions | 34 cm. |
| 583 0# - ACTION NOTE | |
| Action | Condition reviewed |
| Time/date of action | 20120620 |
| Status | condition level 4, loose boards |
| 651 #4 - SUBJECT ADDED ENTRY--GEOGRAPHIC NAME | |
| Geographic name | Great Britain |
| Chronological subdivision | 1707- |
| 690 ## - LOCAL SUBJECT ADDED ENTRY--TOPICAL TERM (OCLC, RLIN) | |
| Topical term or geographic name as entry element | Infrastructure |
| 9 (RLIN) | 6246 |
| 942 ## - ADDED ENTRY ELEMENTS (KOHA) | |
| Suppress in OPAC | 0 |
| Withdrawn status | Lost status | Source of classification or shelving scheme | Damaged status | Not for loan | Home library | Current library | Shelving location | Date acquired | Total Checkouts | Full call number | Barcode | Date last seen | Copy number | Price effective from | Koha item type |
|---|---|---|---|---|---|---|---|---|---|---|---|---|---|---|---|
| Dewey Decimal Classification | Historic collection | Historic collection | Historic collection | 16/05/2012 | FOLIO 1836 PARLIAMENT | 30077735 | 06/08/2019 | 1 | 06/08/2019 | Book |